000 00493nam a22001817a 4500
005 20250828121750.0
008 250822b |||||||| |||| 00| 0 eng d
020 _a978-93-49482-47-0
041 _aEng
082 _aSO 301 DUL DB1399
100 _aDular Sunil Kumar
_9208136
110 _aTyagi Nicky
_9212843
245 _aApplied Sociology and Psychology for BSc Nursing Students
260 _bLotus Publishers
_c2025
_aPunjab
300 _a559p
365 _bRs.499.00
942 _cDB
999 _c367402
_d367402